AK’s General Knowledge A-Z #15 - Statistics

General Stats
  • This quiz has been taken 732 times
  • The average score is 16 of 26
Answer Stats
Hint Answer % Correct
B – to support or sustain, or something that can be black, polar or grizzly Bear
98%
D – to alter or make obscure, or what is kept away by a daily apple Doctor
90%
H – the sky, or what is a place on Earth, according to Belinda Carlisle Heaven
90%
P – title of ruler in Liechtenstein, or singer with hits “Purple Rain” and “When Doves Cry” Prince
87%
T – playing cards that outrank all other suits, or Donald who's sort of doing the same – again Trump
85%
N – this country’s men's national rugby union team are known as the All Blacks New Zealand
82%
W – cowboy in Toy Story Woody
81%
C – a London football (soccer) club; the 7th richest in the world Chelsea
78%
U – TV series “This Is __” that follows the lives of siblings Kevin, Kate and Randall Us
74%
V – cruel ruler of Wallachia who signed his letters “Drakulya” Vlad the Impaler
72%
J – is “jalousie” in French, or green-eyed monster in Shakespeare Jealousy
67%
S – common to Snow White, Samurai and Deadly Sins Seven
66%
M – a title of honour, Sanskrit for “great-souled”, best known in the context of Mohandas Gandhi Mahātmā
64%
R – the largest city in the Baltic countries Riga
62%
Q – malaria medication and an ingredient in tonic water Quinine
59%
I – first name of biochemistry professor and sci-fi writer Asimov Isaac
56%
Z – “Doctor ______”, film based on Boris Pasternak’s novel and one of the top ten highest-grossing films Zhivago
56%
L – the second largest technology company in South Korea LG Electronics
55%
A – country whose name means “ancient and bearded” Antigua and Barbuda
46%
Y – abbreviation for a category of fiction written for readers from 12 to 18 years of age YA
45%
X – American rapper and singer (hit “Sad!”) who died in 2018 XXXTentacion
40%
K – figure skater Nancy who won a silver medal despite Tonya’s ex-husband’s ugly scheme Kerrigan
38%
G – a racing simulation video game; the highest selling PlayStation game Gran Turismo
35%
E – E in UNICEF Emergency
21%
O – first name of Little in “The Wire” (“____ comin’!”) Omar
18%
F – a group of rock-forming tectosilicate minerals that make up about 41% of the Earth’s continental crust by weight Feldspars
8%
No matching quizzes found
Score Distribution
Percent of People with Each Score
Percentile by Number Answered
Your Score History
You have not taken this quiz